LEADER 01374nam 2200361 n 450 001 996390506003316 005 20221107142603.0 035 $a(CKB)1000000000651313 035 $a(EEBO)2240895457 035 $a(UnM)99835948 035 $a(EXLCZ)991000000000651313 100 $a19900820d1565 uy | 101 0 $aeng 135 $aurbn||||a|bb| 200 02$aA defense and declaration of the Catholike Churchies [sic] doctrine, touching purgatory, and prayers for the soules departed. by William Allen Master of Arte and student in diuinitye$b[electronic resource] 210 $aImprinted at Antwerp $cBy Iohn Latius, with priuilege$dAnno 1565 215 $a289, [6] leaves 300 $aReproduction of the original in the British Library. 330 $aeebo-0018 606 $aPurgatory$vEarly works to 1800 606 $aPrayers for the dead$vEarly works to 1800 615 0$aPurgatory 615 0$aPrayers for the dead 700 $aAllen$b William$f1532-1594.$01000878 801 0$bCu-RivES 801 1$bCu-RivES 801 2$bUk-ES 801 2$bCStRLIN 801 2$bWaOLN 906 $aBOOK 912 $a996390506003316 996 $aA defense and declaration of the Catholike Churchies doctrine, touching purgatory, and prayers for the soules departed. by William Allen Master of Arte and student in diuinitye$92418347 997 $aUNISA LEADER 01394oam 2200361M 450 001 9910716313403321 005 20200213070632.6 035 $a(CKB)5470000002521005 035 $a(OCoLC)1066031431 035 $a(OCoLC)995470000002521005 035 $a(EXLCZ)995470000002521005 100 $a20071213d1926 ua 0 101 0 $aeng 135 $aurcn||||||||| 181 $ctxt$2rdacontent 182 $cc$2rdamedia 183 $acr$2rdacarrier 200 10$aJoint Committee on Muscle Shoals. January 4, 1926. -- Referred to the House Calendar and ordered to be printed 210 1$a[Washington, D.C.] :$c[U.S. Government Printing Office],$d1926. 215 $a1 online resource (1 pages) 225 1 $aHouse report / 69th Congress, 1st session. House ;$vno. 36 225 1 $a[United States congressional serial set] ;$v[serial no. 8535] 300 $aBatch processed record: Metadata reviewed, not verified. Some fields updated by batch processes. 300 $aFDLP item number not assigned. 608 $aLegislative materials.$2lcgft 701 $aSnell$b Bertrand Hollis$f1870-1958$pRepublican (NY)$01388514 801 0$bWYU 801 1$bWYU 801 2$bOCLCO 906 $aBOOK 912 $a9910716313403321 996 $aJoint Committee on Muscle Shoals. January 4, 1926. -- Referred to the House Calendar and ordered to be printed$93482487 997 $aUNINA